[Event "Ifjusagi csapatbajnoksag"]
[Site "Budapest"]
[Date "2015.08.28"]
[Round "4.19"]
[White "Egri, Laszlo Jr"]
[Black "Pribelszky, Bence"]
[Result "1-0"]
[WhiteElo "2157"]
[BlackElo "2176"]
[PlyCount "135"]
[EventDate "2015.??.??"]

1. Nf3 Nf6 2. c4 Nc6 3. g3 e5 4. d3 Bc5 5. Bg2 d6 6. Nc3 O-O 7. O-O a6 8. Bd2
Bf5 9. h3 Qd7 10. Kh2 e4 11. Nh4 exd3 12. e4 Be6 13. Nd5 Bxd5 14. cxd5 Ne5 15.
Bc3 Qb5 16. Nf5 Bb4 17. Bd4 d2 18. f4 Ned7 19. a4 Qd3 20. g4 a5 21. g5 Ne8 22.
Qg4 Rd8 23. Rad1 Bc5 24. Bc3 Bb4 25. Rxd2 Qc4 26. Bxb4 Qxb4 27. Re2 Qxa4 28. h4
Qb5 29. h5 Nc5 30. h6 g6 31. Ng3 Qd7 32. Qf3 f6 33. Bh3 Qe7 34. gxf6 Nxf6 35.
Qc3 Rde8 36. Qxa5 b6 37. Qb5 Nh5 38. Nxh5 gxh5 39. Qc4 Qf6 40. b4 b5 41. Qc2
Na6 42. Qc6 Nxb4 43. Qxc7 Qxh6 44. Rg2+ Kh8 45. Qc3+ Rf6 46. Qxb4 Rg8 47. Rxg8+
Kxg8 48. Qxb5 Rxf4 49. Qe8+ Kg7 50. Rg1+ Rg4 51. Rxg4+ hxg4 52. Qd7+ Kh8 53.
Qc8+ Kg7 54. Qxg4+ Kh8 55. Kg2 Qd2+ 56. Kf3 Qc3+ 57. Kf2 Qd4+ 58. Kg3 Qg1+ 59.
Kf4 Qf2+ 60. Kg5 h6+ 61. Kg6 Qf8 62. Qc8 Qg8+ 63. Qxg8+ Kxg8 64. Kxh6 Kf7 65.
Kg5 Kg7 66. Kf5 Kf7 67. Bg4 Ke7 68. Bh5 1-0

[Event "Ifjusagi csapatbajnoksag"]
[Site "Budapest"]
[Date "2015.08.28"]
[Round "4.20"]
[White "Kassay, Krisztian"]
[Black "Ugroczky, Peter"]
[Result "1-0"]
[WhiteElo "2153"]
[BlackElo "2170"]
[PlyCount "160"]
[EventDate "2015.??.??"]

1. e4 c5 2. Nf3 d6 3. d4 cxd4 4. Nxd4 Nf6 5. Nc3 Nc6 6. Bc4 e6 7. Be3 Be7 8.
Qe2 O-O 9. O-O-O a6 10. g4 Nxd4 11. Bxd4 Nd7 12. h4 b5 13. Bb3 Qc7 14. g5 Nc5
15. g6 Nxb3+ 16. axb3 fxg6 17. h5 g5 18. h6 g6 19. Rhg1 b4 20. Na4 Rb8 21. Be3
Qa5 22. Qd2 Bd7 23. Bxg5 Bxa4 24. Bxe7 Bxb3 25. cxb3 Qc7+ 26. Kb1 Qxe7 27. Qxd6
Qxd6 28. Rxd6 Rxf2 29. Rc1 Rf7 30. Rxe6 Ra7 31. Rcc6 a5 32. e5 Rd8 33. Red6
Rxd6 34. Rxd6 Kf7 35. Kc2 Ke7 36. Rf6 Rd7 37. Ra6 Rd5 38. Ra7+ Ke6 39. Rxh7
Rxe5 40. Kd3 Rh5 41. Kc4 Kf6 42. Rh8 g5 43. Kb5 g4+ 44. Ka4 Kf7 45. h7 g3 46.
Rg8 Rxh7 47. Rxg3 Rh5 48. Re3 Rg5 49. Re4 Rd5 50. Rc4 Ke6 51. Rc6+ Kd7 52. Ra6
Rd2 53. Kxa5 Rxb2 54. Kxb4 Kc7 55. Rh6 Rg2 56. Ka5 Kb7 57. b4 Rg5+ 58. b5 Rg1
59. Rh7+ Kb8 60. Ka6 Kc8 61. Rh8+ Kc7 62. b6+ Kd7 63. Kb7 Rb1 64. Rh2 Rd1 65.
Rc2 Kd8 66. Kb8 Kd7 67. Rc7+ Kd8 68. Kb7 Rd2 69. Rc1 Kd7 70. Ka7 Ra2+ 71. Kb8
Rb2 72. Ka7 Ra2+ 73. Kb7 Rd2 74. Rc7+ Kd8 75. Kb8 Rb2 76. Rb7 Ra2 77. Ra7 Rb2
78. b7 Kd7 79. Ka8 Kc6 80. b8=Q Kd5 1-0

[Event "Ifjusagi csapatbajnoksag"]
[Site "Budapest"]
[Date "2015.08.28"]
[Round "4.21"]
[White "Czupor, Attila"]
[Black "Vanczak, Tamas"]
[Result "1-0"]
[WhiteElo "2125"]
[BlackElo "2071"]
[PlyCount "75"]
[EventDate "2015.??.??"]

1. g3 e5 2. Bg2 Nc6 3. e4 Nf6 4. Ne2 Bc5 5. O-O O-O 6. c3 d6 7. h3 Re8 8. d4
Bb6 9. d5 Ne7 10. Kh2 Ng6 11. Nd2 a6 12. b4 c6 13. Nc4 cxd5 14. Nxb6 Qxb6 15.
exd5 e4 16. Bg5 Bd7 17. Qb3 Re5 18. Bxf6 gxf6 19. c4 Rae8 20. Rac1 Rh5 21. Qc3
Qd8 22. Qe3 Ne5 23. Kg1 Ng6 24. Nf4 Nxf4 25. Qxf4 Ree5 26. Rfe1 Qe7 27. h4 Kg7
28. Rc3 Rhf5 29. Qd2 b5 30. g4 e3 31. Rcxe3 Rxe3 32. Rxe3 Re5 33. Rxe5 Qxe5 34.
c5 Bxg4 35. c6 Bc8 36. Qe3 Qxe3 37. fxe3 f5 38. Bh3 1-0

[Event "Ifjusagi csapatbajnoksag"]
[Site "Budapest"]
[Date "2015.08.28"]
[Round "4.22"]
[White "Kassay, Lilla"]
[Black "Varga, Melinda"]
[Result "1/2-1/2"]
[WhiteElo "2017"]
[BlackElo "2135"]
[PlyCount "59"]
[EventDate "2015.??.??"]

1. e4 c6 2. d4 d5 3. exd5 cxd5 4. Bd3 Nc6 5. c3 Nf6 6. Bf4 Bg4 7. Qb3 Qd7 8.
Nd2 e6 9. Ngf3 Bd6 10. Bxd6 Qxd6 11. O-O Rb8 12. Rae1 O-O 13. Ne5 Bf5 14. Bxf5
exf5 15. Qc2 g6 16. Re3 Qc7 17. Nxc6 bxc6 18. f3 Qb6 19. b4 a5 20. a3 axb4 21.
axb4 Ne8 22. Nb3 Nd6 23. Na5 Qb5 24. Qe2 Qa4 25. Re1 Rbc8 26. Qb2 Qb5 27. Qd2
Ra8 28. Qe2 Qb6 29. Re7 Rfe8 30. Qd2 1/2-1/2

[Event "Ifjusagi csapatbajnoksag"]
[Site "Budapest"]
[Date "2015.08.28"]
[Round "4.23"]
[White "Szukics, Adam"]
[Black "Papp, Levente"]
[Result "1/2-1/2"]
[WhiteElo "2058"]
[BlackElo "1944"]
[PlyCount "36"]
[EventDate "2015.??.??"]

1. e4 e6 2. d4 d5 3. Nd2 Nf6 4. e5 Nfd7 5. Bd3 c5 6. c3 Nc6 7. Ne2 cxd4 8. cxd4
f6 9. exf6 Nxf6 10. Nf3 Bd6 11. O-O O-O 12. Re1 Qc7 13. g3 e5 14. dxe5 Nxe5 15.
Nxe5 Bxe5 16. Nf4 Bxf4 17. Bxf4 Qf7 18. Rc1 Rd8 1/2-1/2

[Event "Ifjusagi csapatbajnoksag"]
[Site "Budapest"]
[Date "2015.08.28"]
[Round "4.24"]
[White "Csendi, Balazs"]
[Black "Gombos, Bettina"]
[Result "1/2-1/2"]
[WhiteElo "1885"]
[BlackElo "1913"]
[PlyCount "42"]
[EventDate "2015.??.??"]

1. e4 c5 2. Nf3 e6 3. c4 a6 4. d4 cxd4 5. Nxd4 Nf6 6. Nc3 Bb4 7. Bd3 Nc6 8.
Nxc6 dxc6 9. O-O e5 10. Bg5 Qc7 11. Qf3 Be7 12. Kh1 Be6 13. Be2 Bg4 14. Qe3
Bxe2 15. Nxe2 Rd8 16. Ng3 h6 17. Bxf6 Bxf6 18. Rad1 O-O 19. Nf5 Bg5 20. Qf3
Rxd1 21. Rxd1 Rd8 1/2-1/2

[Event "Ifjusagi csapatbajnoksag"]
[Site "Budapest"]
[Date "2015.08.28"]
[Round "4.25"]
[White "Kokeny, Norbert Adrian"]
[Black "Nagybiro, Laszlo"]
[Result "0-1"]
[WhiteElo "2123"]
[BlackElo "2029"]
[PlyCount "142"]
[EventDate "2015.??.??"]

1. d4 Nf6 2. Bg5 d5 3. e3 Nbd7 4. Bd3 e5 5. Nd2 e4 6. Be2 Bd6 7. c4 c6 8. f3 h6
9. Bh4 Qe7 10. Qb3 O-O 11. Bf2 b6 12. Rc1 Bb4 13. cxd5 Bxd2+ 14. Kxd2 exf3 15.
gxf3 Nxd5 16. Bc4 N7f6 17. Ne2 Rd8 18. Bd3 Be6 19. Qd1 Nb4 20. a3 Nxd3 21. Kxd3
c5 22. Kd2 cxd4 23. Nxd4 Qb7 24. Ke1 Bg4 25. Rg1 Rxd4 26. Qxd4 Qxf3 27. Rc2 Qf5
28. Rc1 Ne4 29. Bh4 g5 30. Rf1 Qe6 31. Bg3 Bh5 32. Be5 Qg4 33. Rc2 Qh4+ 34. Bg3
Qg4 35. Be5 Kh7 36. Qd5 Rf8 37. Qd3 Bg6 38. Qd4 Qh4+ 39. Kd1 g4 40. Kc1 Nc5 41.
Rxc5 bxc5 42. Qxc5 Qd8 43. Bc3 Qd3 44. Rf2 Rd8 45. Bd4 Qb1+ 46. Kd2 Qxb2+ 47.
Ke1 Qb1+ 48. Kd2 Rb8 49. Qc4 Kg8 50. Be5 Rd8+ 51. Bd4 Qg1 52. Ke2 Qb1 53. Kd2
Qb2+ 54. Ke1 Qxa3 55. Rf6 Qa5+ 56. Kf2 Qh5 57. Kg1 a5 58. Qc7 Re8 59. Bb2 Kh7
60. Qc3 Rg8 61. Qd4 Qg5 62. Rf4 g3 63. h4 Qb5 64. Rxf7+ Bxf7 65. Qe4+ Rg6 66.
Qd4 Qe8 67. h5 Rg4 68. Qc3 Bxh5 69. Qd3+ Bg6 70. Qc3 Qf8 71. Qc7+ Qf7 0-1

[Event "Ifjusagi csapatbajnoksag"]
[Site "Budapest"]
[Date "2015.08.28"]
[Round "4.26"]
[White "Varadi, Benedek"]
[Black "Simon, Lili"]
[Result "0-1"]
[WhiteElo "2072"]
[BlackElo "2077"]
[PlyCount "46"]
[EventDate "2015.??.??"]

1. c4 e5 2. Nc3 Nf6 3. g3 Bb4 4. Bg2 O-O 5. Nf3 Re8 6. O-O c6 7. Qb3 Bxc3 8.
bxc3 d5 9. cxd5 cxd5 10. d3 h6 11. Nd2 Nc6 12. e4 dxe4 13. Nxe4 Nxe4 14. Bxe4
Qc7 15. Rb1 Bh3 16. Re1 b6 17. Qd1 f5 18. Bd5+ Kh7 19. f4 Rad8 20. Qf3 e4 21.
Bxe4 fxe4 22. dxe4 Qd7 23. Be3 Bg4 0-1

[Event "Ifjusagi csapatbajnoksag"]
[Site "Budapest"]
[Date "2015.08.28"]
[Round "4.27"]
[White "Bege, Levente"]
[Black "Werner, Anna"]
[Result "1-0"]
[WhiteElo "1966"]
[BlackElo "1999"]
[PlyCount "79"]
[EventDate "2015.??.??"]

1. Nf3 d5 2. g3 Nf6 3. Bg2 c5 4. O-O Nc6 5. d4 e6 6. c4 dxc4 7. Qa4 Bd7 8. Qxc4
cxd4 9. Nxd4 Rc8 10. Rd1 Nb4 11. Qb3 Qb6 12. a3 Nc6 13. Qxb6 axb6 14. Nb5 Na5
15. N1c3 Be7 16. Bf4 O-O 17. b4 Bxb5 18. Nxb5 Nc6 19. Bd6 Bxd6 20. Nxd6 Rb8 21.
Nxb7 Rxb7 22. Bxc6 Rc7 23. Rd6 Rfc8 24. b5 Ra7 25. Rad1 Kf8 26. e4 e5 27. f4
exf4 28. e5 Ne8 29. Rd8 Rxd8 30. Rxd8 Re7 31. gxf4 f6 32. exf6 gxf6 33. Kf2 Kf7
34. Bxe8+ Rxe8 35. Rxe8 Kxe8 36. Ke3 Kd7 37. Ke4 Ke6 38. f5+ Kd6 39. Kd4 h6 40.
h3 {Kd5+ Ke4+} 1-0

[Event "Ifjusagi csapatbajnoksag"]
[Site "Budapest"]
[Date "2015.08.28"]
[Round "4.28"]
[White "Horvath, Balazs"]
[Black "Bege, Mate"]
[Result "0-1"]
[WhiteElo "2036"]
[BlackElo "1935"]
[PlyCount "96"]
[EventDate "2015.??.??"]

1. e4 c5 2. Nf3 d6 3. d4 cxd4 4. Nxd4 Nf6 5. Nc3 Nc6 6. Bg5 Bd7 7. Nb3 e6 8.
Qd2 Be7 9. O-O-O a6 10. f4 b5 11. Bd3 O-O 12. Rhe1 h6 13. Bxf6 Bxf6 14. e5 dxe5
15. Be4 Ra7 16. Qf2 Qc7 17. Rxd7 Qxd7 18. Bxc6 Qc7 19. fxe5 Bg5+ 20. Kb1 Rd8
21. a3 Qb8 22. Ne4 Be7 23. Rf1 Bf8 24. Na5 b4 25. a4 Rc7 26. g4 b3 27. c3 Qc8
28. Qb6 Rd3 29. Bb7 Qd8 30. Qxb3 Rcd7 31. Bxa6 Re3 32. Bb7 Qxa5 33. Ng3 Qxe5
34. Bc6 Rd2 35. Qb7 Re1+ 36. Rxe1 Qxe1+ 37. Ka2 Rxh2 38. Ne4 Re2 39. Nf6+ gxf6
40. Be8 Bg7 41. Bxf7+ Kh7 42. Qc8 h5 43. Qg8+ Kh6 44. Bg6 Kxg6 45. gxh5+ Kh6
46. Qf7 Rg2 47. Qb7 Rg4 48. Qb5 Qd1 0-1

[Event "Ifjusagi csapatbajnoksag"]
[Site "Budapest"]
[Date "2015.08.28"]
[Round "4.29"]
[White "Lengyel, Andrea"]
[Black "Majnay, Peter"]
[Result "0-1"]
[WhiteElo "1780"]
[BlackElo "1799"]
[PlyCount "60"]
[EventDate "2015.??.??"]

1. d4 Nf6 2. c4 c5 3. d5 b5 4. cxb5 a6 5. e3 axb5 6. Bxb5 Bb7 7. Nc3 e6 8. Bc4
Qa5 9. Bd2 Qb6 10. e4 Nxe4 11. Nxe4 exd5 12. Nc3 dxc4 13. Nf3 Be7 14. O-O O-O
15. Re1 Bf6 16. Qc2 Bxf3 17. gxf3 Nc6 18. Be3 Nb4 19. Qd2 Nd3 20. Reb1 Qb7 21.
Kg2 d5 22. Bg5 Bd4 23. Be3 Rfd8 24. Bxd4 cxd4 25. Ne2 Qb6 26. b3 Qf6 27. Rd1
Re8 28. Nc1 Nf4+ 29. Kh1 d3 30. bxc4 dxc4 0-1

[Event "Ifjusagi csapatbajnoksag"]
[Site "Budapest"]
[Date "2015.08.28"]
[Round "4.30"]
[White "Hegedus, Dominik"]
[Black "Bakos, Viktor"]
[Result "1-0"]
[WhiteElo "1769"]
[BlackElo "1777"]
[PlyCount "93"]
[EventDate "2015.??.??"]

1. e4 c5 2. Nf3 e6 3. c4 Nc6 4. Nc3 e5 5. d3 d6 6. Be3 Nf6 7. Be2 Be7 8. O-O
O-O 9. Ne1 Nd4 10. Nc2 a6 11. Nd5 Nxd5 12. cxd5 f5 13. f4 Nxe2+ 14. Qxe2 fxe4
15. dxe4 exf4 16. Bxf4 Bf6 17. Ne3 Bd4 18. Kh1 b5 19. Nf5 Bxf5 20. exf5 Re8 21.
Qg4 Qf6 22. Bg5 Qf7 23. f6 g6 24. Bh6 Re5 25. Qf3 Rae8 26. a4 Rxd5 27. axb5
axb5 28. Ra7 Rf5 29. Rxf7 Rxf3 30. Rg7+ Kh8 31. gxf3 Bxf6 32. Rd7 Bxb2 33. Rxd6
b4 34. Kg2 c4 35. Re1 Rc8 36. Rde6 Kg8 37. Re8+ Rxe8 38. Rxe8+ Kf7 39. Rb8 Ba3
40. Kf2 c3 41. Ke2 c2 42. Kd3 c1=Q 43. Bxc1 Bxc1 44. Rxb4 Bg5 45. Rb7+ Be7 46.
Ke4 Kf6 47. f4 1-0

[Event "Ifjusagi csapatbajnoksag"]
[Site "Budapest"]
[Date "2015.08.28"]
[Round "4.31"]
[White "Nayhebaver, Martin"]
[Black "Csordas, David"]
[Result "1-0"]
[WhiteElo "2404"]
[BlackElo "1819"]
[PlyCount "59"]
[EventDate "2015.??.??"]

1. e4 c5 2. Nf3 Nc6 3. Nc3 e6 4. d4 cxd4 5. Nxd4 Nge7 6. Ndb5 Ng6 7. Nd6+ Bxd6
8. Qxd6 Qe7 9. Qd1 O-O 10. Be2 a6 11. a4 f5 12. exf5 Rxf5 13. O-O d5 14. Bd3
Rf7 15. f4 Bd7 16. Qh5 Nb4 17. Bxg6 hxg6 18. Qxg6 Rf6 19. Qg3 Nxc2 20. Rb1 Raf8
21. Qf2 Nb4 22. Be3 Nd3 23. Qd2 Nc5 24. b4 b6 25. bxc5 bxc5 26. Rb7 Rg6 27. f5
exf5 28. Nxd5 Qd8 29. Rxd7 Qxd7 30. Nf6+ 1-0

[Event "Ifjusagi csapatbajnoksag"]
[Site "Budapest"]
[Date "2015.08.28"]
[Round "4.32"]
[White "Kovacs, Bence"]
[Black "Acs, Petra"]
[Result "1/2-1/2"]
[WhiteElo "1921"]
[BlackElo "1746"]
[PlyCount "65"]
[EventDate "2015.??.??"]

1. e4 e6 2. d4 d5 3. Nd2 dxe4 4. Nxe4 Bd7 5. Nf3 Bc6 6. Bd3 Nd7 7. O-O Ngf6 8.
Ng3 Be7 9. c4 O-O 10. Qe2 Bxf3 11. Qxf3 c5 12. Be3 b6 13. Rad1 Qc8 14. b3 cxd4
15. Bxd4 Nc5 16. Bb1 Rd8 17. Nh5 Ncd7 18. Rfe1 h6 19. Ng3 Bc5 20. Bb2 Qc7 21.
Ne4 Nxe4 22. Bxe4 Rac8 23. Qg4 Bf8 24. Bb1 Nc5 25. Rxd8 Rxd8 26. Rd1 Rxd1+ 27.
Qxd1 Qd6 28. Qxd6 Bxd6 29. g3 f6 30. Kg2 e5 31. Kf3 Kf7 32. Bc2 Ke6 33. h3
1/2-1/2

[Event "Ifjusagi csapatbajnoksag"]
[Site "Budapest"]
[Date "2015.08.28"]
[Round "4.33"]
[White "Szabo, Balint"]
[Black "Szucs, Edina"]
[Result "0-1"]
[WhiteElo "1619"]
[BlackElo "1736"]
[PlyCount "75"]
[EventDate "2015.??.??"]

1. e4 e5 2. Nf3 Nc6 3. Bc4 Bc5 4. Nc3 Nf6 5. d3 h6 6. Nd5 d6 7. h3 g5 8. Be3
Bb6 9. Qe2 Be6 10. Nxf6+ Qxf6 11. Bxe6 fxe6 12. c3 d5 13. exd5 exd5 14. O-O-O
O-O-O 15. Bxb6 axb6 16. Nd2 Rhf8 17. Rhf1 Qg6 18. g3 Rde8 19. Qg4+ Kb8 20. f4
exf4 21. gxf4 Qxd3 22. f5 d4 23. Nb3 Qe3+ 24. Kc2 dxc3 25. bxc3 Ne5 26. Qd4
Qe2+ 27. Kb1 Nc4 28. Rf2 Na3+ 29. Kc1 Qe7 30. f6 Qe6 31. Kb2 Nc4+ 32. Kc1 Nd6
33. Rdf1 Nb5 34. Qd2 Qxh3 35. Rf3 Qg4 36. f7 Rc8 37. Qd5 Qa4 38. R3f2 0-1

[Event "Ifjusagi csapatbajnoksag"]
[Site "Budapest"]
[Date "2015.08.28"]
[Round "4.34"]
[White "Dibusz, Domonkos"]
[Black "Acs, Kristof"]
[Result "1/2-1/2"]
[WhiteElo "1684"]
[BlackElo "1665"]
[PlyCount "92"]
[EventDate "2015.??.??"]

1. e4 e5 2. Nf3 Nc6 3. Bb5 a6 4. Ba4 d6 5. c3 Bd7 6. d4 g6 7. O-O Bg7 8. Re1
Nge7 9. Be3 O-O 10. Nbd2 Kh8 11. h3 b5 12. Bb3 h6 13. dxe5 Nxe5 14. Nxe5 dxe5
15. Bc5 a5 16. a3 Ra6 17. Ba2 Be6 18. Nf3 Bxa2 19. Rxa2 Re6 20. b4 a4 21. Rd2
Qc8 22. Re3 Re8 23. Red3 Nc6 24. g4 Bf8 25. Bxf8 Rxf8 26. Rd5 Qb7 27. Qe2 Rb8
28. Rc5 f6 29. Nh4 Kg7 30. Rdd5 Ne7 31. Rd7 Rc8 32. f3 Kf7 33. Qxb5 Qxb5 34.
Rxb5 Rd6 35. Rxd6 cxd6 36. Ra5 Rxc3 37. Rxa4 g5 38. Nf5 Nxf5 39. gxf5 Rxf3 40.
Kg2 Re3 41. b5 Rb3 42. Ra5 Ke7 43. a4 Rb4 44. Kf3 Rb3+ 45. Kg2 Rb4 46. Kf3 Rb3+
1/2-1/2

[Event "Ifjusagi csapatbajnoksag"]
[Site "Budapest"]
[Date "2015.08.28"]
[Round "4.37"]
[White "Buzas, Bertalan"]
[Black "Retkes, Peter"]
[Result "0-1"]
[WhiteElo "2041"]
[BlackElo "1944"]
[PlyCount "72"]
[EventDate "2015.??.??"]

1. d4 Nf6 2. Nf3 g6 3. Bg5 Bg7 4. Nbd2 O-O 5. c3 d6 6. e4 c6 7. Be2 Qc7 8. h3
Re8 9. O-O e5 10. dxe5 dxe5 11. a4 Be6 12. Qc2 Nbd7 13. Rfd1 h6 14. Be3 g5 15.
Bc4 Bf8 16. h4 g4 17. Nh2 Rad8 18. Bxe6 Rxe6 19. Ndf1 Nh5 20. Nxg4 Rg6 21. f3
Nf4 22. g3 h5 23. Nf2 Be7 24. Kh2 Kh7 25. Nd3 Nxd3 26. Rxd3 Rdg8 27. Rad1 Nf8
28. R3d2 b6 29. Bf2 Bxh4 30. gxh4 Rg2+ 31. Kh1 Qc8 32. Bg3 Qh3+ 33. Nh2 R2xg3
34. Rf2 Ne6 35. Rdf1 Nf4 36. Qb3 R8g7 0-1

[Event "Ifjusagi csapatbajnoksag"]
[Site "Budapest"]
[Date "2015.08.28"]
[Round "4.38"]
[White "Czumbel, Peter"]
[Black "Toth, Kristof Istvan"]
[Result "0-1"]
[WhiteElo "1961"]
[BlackElo "1974"]
[PlyCount "42"]
[EventDate "2015.??.??"]

1. g3 g6 2. Bg2 Bg7 3. d3 d6 4. Nd2 e5 5. e4 Be6 6. c3 Ne7 7. Ne2 f5 8. exf5
gxf5 9. Bxb7 Bd5 10. Bxa8 Bxa8 11. Rf1 O-O 12. Nb3 Bf3 13. d4 Nd7 14. Be3 f4
15. Bd2 Qe8 16. Qc2 Qh5 17. Nec1 Nf5 18. gxf4 exf4 19. Bxf4 Re8+ 20. Kd2 Bh6
21. Nd3 Re2+ 0-1

[Event "Ifjusagi csapatbajnoksag"]
[Site "Budapest"]
[Date "2015.08.28"]
[Round "4.39"]
[White "Acs, Marton"]
[Black "Kaloczi, Kristof"]
[Result "1-0"]
[WhiteElo "2006"]
[BlackElo "1848"]
[PlyCount "99"]
[EventDate "2015.??.??"]

1. d4 Nf6 2. Nf3 e6 3. g3 b6 4. Bg2 Bb7 5. O-O Be7 6. c4 O-O 7. Nc3 Ne4 8. Bd2
d6 9. d5 Nxc3 10. Bxc3 e5 11. e4 Bc8 12. Nd2 f5 13. exf5 Bxf5 14. Ne4 Nd7 15.
b4 h6 16. Qe2 Nf6 17. Nxf6+ Bxf6 18. c5 a5 19. a3 axb4 20. axb4 Qd7 21. Bb2
bxc5 22. bxc5 Rfb8 23. c6 Qc8 24. f4 exf4 25. Bxf6 gxf6 26. gxf4 Qe8 27. Qf2
Qg6 28. Kh1 Be4 29. Rxa8 Rxa8 30. Bxe4 Qxe4+ 31. Qg2+ Qxg2+ 32. Kxg2 Ra2+ 33.
Kg3 Rd2 34. Rb1 Rxd5 35. Rb7 Rc5 36. Rxc7 Kf8 37. Kg4 Ke8 38. f5 d5 39. Kh5 d4
40. Kg6 Kd8 41. Rd7+ Ke8 42. Rd6 d3 43. Kxf6 d2 44. Rxd2 Rxc6+ 45. Kg7 Rc7+ 46.
Kg6 Rc1 47. Ra2 Rc8 48. f6 h5 49. Ra7 Kf8 50. Rh7 1-0

[Event "Ifjusagi csapatbajnoksag"]
[Site "Budapest"]
[Date "2015.08.28"]
[Round "4.40"]
[White "Geher, Koppany"]
[Black "Szabo, Benjamin"]
[Result "0-1"]
[WhiteElo "1810"]
[BlackElo "2005"]
[PlyCount "58"]
[EventDate "2015.??.??"]

1. e4 e5 2. Nf3 Nc6 3. Bb5 Nge7 4. d4 exd4 5. Nxd4 g6 6. Be3 Bg7 7. c3 O-O 8.
O-O d6 9. f4 f5 10. Nd2 Kh8 11. Qe1 Bd7 12. Bxc6 bxc6 13. N4f3 c5 14. e5 Nd5
15. Nc4 Bb5 16. Nfd2 Qe7 17. Rf3 Rae8 18. exd6 cxd6 19. Bf2 Qd7 20. Qd1 Bc6 21.
Rd3 Rf6 22. Nf3 Re4 23. Nce5 dxe5 24. Nxe5 Qe6 25. Nxc6 Nxf4 26. Rd8+ Bf8 27.
Bxc5 Qxc6 28. Qf3 Qxc5+ 29. Kh1 Qe7 0-1

[Event "Ifjusagi csapatbajnoksag"]
[Site "Budapest"]
[Date "2015.08.28"]
[Round "4.41"]
[White "Arvai, Eszter"]
[Black "Olle, Rebeka Sara"]
[Result "1-0"]
[WhiteElo "2027"]
[BlackElo "1813"]
[PlyCount "71"]
[EventDate "2015.??.??"]

1. d4 Nf6 2. Nf3 g6 3. g3 Bg7 4. Bg2 O-O 5. Nbd2 c5 6. O-O Qc7 7. e4 d6 8. Re1
cxd4 9. Nxd4 Nc6 10. c3 Nd7 11. Nf1 Qb6 12. Nb3 Nde5 13. Ne3 a5 14. Nd5 Qd8 15.
Nd4 e6 16. Ne3 Nxd4 17. cxd4 Nd7 18. b3 e5 19. Bb2 b5 20. Rc1 Bb7 21. Nd5 Rc8
22. Rxc8 Bxc8 23. Qd3 b4 24. Rc1 Bb7 25. Qb5 Bxd5 26. Qxd5 Nb6 27. Qxa5 exd4
28. Qxb4 d5 29. Bxd4 Bxd4 30. Qxd4 dxe4 31. Qxd8 Rxd8 32. Bxe4 f5 33. Bf3 Rd3
34. Kg2 Rd2 35. a4 Nd7 36. Rd1 1-0

[Event "Ifjusagi csapatbajnoksag"]
[Site "Budapest"]
[Date "2015.08.28"]
[Round "4.43"]
[White "Koltai, Daniel"]
[Black "Csati, Oliver"]
[Result "0-1"]
[WhiteElo "1770"]
[BlackElo "2189"]
[PlyCount "111"]
[EventDate "2015.??.??"]

1. e4 g6 2. d4 Bg7 3. Nc3 Nc6 4. Be3 d5 5. exd5 Nb4 6. Bb5+ Bd7 7. Bc4 Bf5 8.
Bb3 Nf6 9. Ba4+ Bd7 10. Bb3 Bf5 11. Ba4+ Kf8 12. Bb3 Nbxd5 13. Nxd5 Nxd5 14.
Nf3 Nxe3 15. fxe3 Bf6 16. O-O c5 17. c3 Qb6 18. Qe2 cxd4 19. cxd4 Kg7 20. Rac1
Rac8 21. Rc3 h5 22. Rfc1 Rxc3 23. Rxc3 h4 24. Bd5 h3 25. g3 Rc8 26. Qd2 Rxc3
27. Qxc3 e6 28. Bb3 Be4 29. Bd1 Qb5 30. Kf2 Qf5 31. b3 g5 32. Qc5 Bd5 33. Qc2
Be4 34. Qc5 Qg6 35. Ne1 b6 36. Qb5 a6 37. Qxa6 Qf5+ 38. Kg1 e5 39. Qf1 Qxf1+
40. Kxf1 exd4 41. exd4 Bxd4 42. Bf3 Bf5 43. Bd5 Kf6 44. Nf3 Bc5 45. Nd2 Bd3+
46. Ke1 g4 47. Bc4 Bf5 48. Ke2 Ke5 49. Nf1 Bg6 50. Ne3 f5 51. Bd3 Kf6 52. Bc4
Bh5 53. Nd5+ Ke5 54. Nf4 Be8 55. Bd3 Bg1 56. Kf1 0-1

[Event "Ifjusagi csapatbajnoksag"]
[Site "Budapest"]
[Date "2015.08.28"]
[Round "4.44"]
[White "Gorcsi, Gabor"]
[Black "Forgacs, Andras"]
[Result "1-0"]
[WhiteElo "2192"]
[BlackElo "1753"]
[PlyCount "75"]
[EventDate "2015.??.??"]

1. Nf3 Nf6 2. c4 c6 3. Nc3 d5 4. e3 Bg4 5. cxd5 Nxd5 6. Be2 e6 7. O-O Nxc3 8.
bxc3 Bd6 9. h3 Bh5 10. d4 Nd7 11. e4 O-O 12. e5 Bc7 13. Bd3 Bg6 14. Bxg6 hxg6
15. Ng5 c5 16. Qg4 Re8 17. Qh4 Nf8 18. Ba3 b6 19. Rad1 Qe7 20. f4 Bd8 21. Qf2
Rc8 22. Ne4 Bc7 23. dxc5 bxc5 24. Bxc5 Bb6 25. Bxb6 axb6 26. Nd6 Rxc3 27. Nxe8
Qxe8 28. Qxb6 Nd7 29. Qb5 Rc7 30. Rd6 Qa8 31. Rfd1 Qa7+ 32. Kh2 Nc5 33. Rd8+
Kh7 34. Qe8 g5 35. Qh8+ Kg6 36. g4 Qxa2+ 37. R1d2 Qxd2+ 38. Rxd2 1-0

[Event "Ifjusagi csapatbajnoksag"]
[Site "Budapest"]
[Date "2015.08.28"]
[Round "4.45"]
[White "Lehaci, Miruna-Daria"]
[Black "Csuta, Akos Koppany"]
[Result "0-1"]
[WhiteElo "1814"]
[BlackElo "2008"]
[PlyCount "108"]
[EventDate "2015.??.??"]

1. e4 c5 2. Nc3 Nc6 3. Bb5 e6 4. Bxc6 bxc6 5. d3 d5 6. e5 Ne7 7. f4 Nf5 8. Nf3
Be7 9. O-O O-O 10. Kh1 Nd4 11. b3 Qc7 12. Na4 f6 13. Bb2 Nxf3 14. Rxf3 d4 15.
Qe2 fxe5 16. fxe5 Ba6 17. Qe4 Bb5 18. Re1 Rxf3 19. gxf3 Qd7 20. Qg4 Bxa4 21.
bxa4 Rf8 22. Re4 Qd5 23. a3 Rf5 24. f4 Qa2 25. Bc1 Qxc2 26. Re1 Qxd3 27. Rg1
Qe4+ 28. Rg2 g6 29. Bd2 c4 30. h4 c3 31. h5 Rxh5+ 32. Qxh5 Qxg2+ 33. Kxg2 gxh5
34. Be1 c2 35. Bd2 Bxa3 36. Kf3 Bb4 37. Bc1 d3 38. Ke3 d2 39. Bxd2 Bxd2+ 40.
Kxd2 h4 41. Kxc2 h3 42. a5 h2 43. a6 h1=Q 44. f5 Qe4+ 45. Kd2 exf5 46. e6 f4
47. e7 Qxe7 48. Kc3 Qe4 49. Kb2 Qe3 50. Ka2 f3 51. Kb2 f2 52. Kc2 f1=Q 53. Kb2
Qff2+ 54. Kb1 Qee1# 0-1

[Event "Ifjusagi csapatbajnoksag"]
[Site "Budapest"]
[Date "2015.08.28"]
[Round "4.46"]
[White "Kovacs, Judit"]
[Black "Csontos, David"]
[Result "1-0"]
[WhiteElo "1910"]
[BlackElo "1609"]
[PlyCount "133"]
[EventDate "2015.??.??"]

1. Nf3 Nf6 2. g3 g6 3. Bg2 Bg7 4. O-O O-O 5. c4 c5 6. Nc3 d5 7. cxd5 Nxd5 8.
Qb3 Nb6 9. d3 Nc6 10. Ne4 Nd4 11. Nxd4 cxd4 12. Bd2 Be6 13. Qa3 Bd5 14. Bb4 Re8
15. Rac1 Bc6 16. Ba5 Rc8 17. Bh3 Ra8 18. Bg2 Rc8 19. Rc2 Bxe4 20. Rxc8 Qxc8 21.
Bxe4 Qc7 22. Bxb6 Qxb6 23. Rc1 e5 24. Bd5 h5 25. b3 a6 26. Qa4 Rd8 27. Qc4 Rd7
28. Qc8+ Rd8 29. Qxb7 Qxb7 30. Bxb7 a5 31. Rc7 Bf8 32. Ba6 Bd6 33. Rb7 Bb4 34.
Bc4 Rf8 35. Ra7 Kg7 36. Kg2 Kf6 37. Kf3 Kf5 38. Rxf7+ Rxf7 39. Bxf7 Kf6 40. Be8
Be1 41. a3 Bd2 42. Ke4 Bc1 43. b4 Bxa3 44. bxa5 Bc5 45. a6 Ba7 46. f3 Bb6 47.
Kd5 Kf5 48. Kc6 Ba7 49. Kb7 Bc5 50. a7 Bxa7 51. Kxa7 Kg5 52. Kb6 h4 53. Kc5
hxg3 54. hxg3 Kf5 55. Kd5 Kf6 56. Bxg6 Kxg6 57. Kxe5 Kf7 58. g4 Ke7 59. g5 Kf7
60. Kf5 Kg7 61. g6 Kg8 62. Kf6 Kf8 63. f4 Kg8 64. g7 Kh7 65. Kf7 Kh6 66. g8=Q
Kh5 67. Qg5# 1-0

[Event "Ifjusagi csapatbajnoksag"]
[Site "Budapest"]
[Date "2015.08.28"]
[Round "4.47"]
[White "Birovecz, Ben Jordan"]
[Black "Fekete, Agnes"]
[Result "0-1"]
[WhiteElo "1546"]
[BlackElo "1795"]
[PlyCount "114"]
[EventDate "2015.??.??"]

1. e4 c5 2. Nf3 d6 3. Nc3 Nf6 4. g3 e6 5. Bg2 Be7 6. O-O O-O 7. d3 Nc6 8. h3 a6
9. Be3 Rb8 10. Qd2 b5 11. a3 a5 12. Ne2 Bb7 13. c3 b4 14. Qc2 Qc7 15. Nd2 Rfc8
16. f4 d5 17. e5 Nd7 18. Rac1 bxa3 19. bxa3 c4 20. dxc4 dxc4 21. Nxc4 Ba6 22.
Nd6 Bxd6 23. exd6 Qxd6 24. Rfd1 Qe7 25. c4 Qxa3 26. Rxd7 Qxe3+ 27. Kh2 Nb4 28.
Qd1 g6 29. Rc3 Qf2 30. Rf3 Qb6 31. Rd6 Qc7 32. Rc3 Rd8 33. Rxd8+ Rxd8 34. Qb3
Rd2 35. Ng1 Bb7 36. Nf3 Bxf3 37. Rxf3 Qc6 38. Qe3 Rc2 39. Rf2 Rxf2 40. Qxf2
Qxc4 41. Qd2 a4 42. Qd8+ Kg7 43. Qa5 Nd3 44. h4 Qd4 45. Qd2 a3 46. Bf1 Qb2 47.
Qxb2+ Nxb2 48. Bc4 Nxc4 49. Kh3 a2 50. Kg4 a1=Q 51. f5 Qd4+ 52. Kh3 Ne3 53. f6+
Kxf6 54. h5 Qg4+ 55. Kh2 Qe2+ 56. Kh3 Qg2+ 57. Kh4 g5# 0-1